00342nam a22000977a 4500003000400000082001900004100003800023245010100061260007400162300000800236SGT a891.4309bS23M aमोहन, इंदिरा  aश्री शांकर भाष्य सार उपनिषद संजीवनी  bचौखम्भा ओरियेन्टालिया c2023 a596